LEADER 01079nam a2200253 i 4500 001 991003729939707536 005 20021223110412.0 008 020429s|||| ||| ||| | fre 020 $a2869580673 035 $ab11855666-39ule_inst 035 $aocm00002440$9ExL 040 $aDip.to Beni Culturali$bita 100 1 $aBielman, Anne$0532037 245 10$aRetour à la liberté :$bliberation et sauvetage des prisonniers en Grèce ancienne :$brecueil d'inscriptions honorant des suveteurs et analyse critique /$cpar Anne Bielman 260 $aAtene$aLosanna :$bEcole Francaise d'Athénes :$bUniversité de Lausanne,$c1994 300 $aXXVI, 366 p., [24] p. di tav. 490 0 $aEtudes epigraphiques ;$v1 650 4$aPrigionieri$zGrecia antica$xStudi epigrafici 907 $a.b11855666$b28-04-17$c23-12-02 912 $a991003729939707536 945 $aLE001 AN II 170$g1$i2001000020843$lle001$o-$pE0.00$q-$rl$s- $t0$u0$v0$w0$x0$y.i12107864$z23-12-02 996 $aRetour à la liberté$9899547 997 $aUNISALENTO 998 $ale001$b01-01-02$cm$da $e-$feng$gxx $h0$i1 LEADER 01369nam 2200385 a 450 001 9910695978303321 005 20070717075458.0 035 $a(CKB)5470000002374015 035 $a(OCoLC)156172587 035 $a(EXLCZ)995470000002374015 100 $a20070717d2007 ua 0 101 0 $aeng 135 $aurmn||||||||| 181 $ctxt$2rdacontent 182 $cc$2rdamedia 183 $acr$2rdacarrier 200 10$aMedicare Part D$b[electronic resource] $echallenges in enrolling new dual-eligible beneficiaries : report to congressional requesters 210 1$a[Washington, D.C.] :$cU.S. Govt. Accountability Office,$d[2007] 215 $aii, 66 pages $cdigital, PDF file 300 $aTitle from title screen (viewed on July 3, 2007). 300 $a"May 2007." 300 $aPaper version available from: U.S. Govt. Accountability Office, 441 G St., NW, Rm. LM, Washington, D.C. 20548. 300 $a"GAO-07-272." 320 $aIncludes bibliographical references. 517 $aMedicare Part D 606 $aMedicare beneficiaries 606 $aOlder people$xPharmaceutical assistance$zUnited States 615 0$aMedicare beneficiaries. 615 0$aOlder people$xPharmaceutical assistance 801 0$bGPO 801 1$bGPO 906 $aBOOK 912 $a9910695978303321 996 $aMedicare Part D$93173020 997 $aUNINA